Представление документа в формате RUSMARC

ПолеНазваниеЗначение
  Тип записи a
  Библиографический уровень a
001 Контрольный номер RU/CBS_UL/BASE/1585c392aa994891bcbf35981ff62a25
005 Дата корректировки 20250507150646.8
100 Данные общей обработки __
a Данные общей обработки 20250507 ||| 0rusy0189 ca
101 Язык документа 0_
a Язык текста rus
102 Страна публикации __
a Страна публикации RU
200 Заглавие и сведения об ответственности 1_
a Заглавие Елена Вяльбе. Не бросившая флаг
e Сведения, относящиеся к заглавию [беседа с трёхкратной олимпийской и четырнадцатикратной мировой чемпионкой, президентом Федерации лыжных гонок России Е. Вяльбе о колымских уроках деда, санкциях Запада и науке побеждать себя]
f Первые сведения об ответственности В. Нордвик
300 Общие примечания __
a Общие примечания 16+
461 Уровень набора _0
1 2000
a Родина
463 Уровень физической единицы _0
1 2000
a № 3
v С. 28-39 : фот.
1 2101
d 2023
1 001RU/CBS_UL/BASE/7053cac77d2a4ac4ba59b1245707d6fd
600 Персоналии _1
a Персоналии (Фамилия) Вяльбе
b Персоналии (Имя, инициалы) Е.В.
606 Тематические рубрики 0_
a Основная рубрика Вяльбе, Елена Валерьевна (1968)
610 Ключевые слова 0_
a Ключевые слова лыжницы
610 Ключевые слова 0_
a Ключевые слова олимпийские чемпионы
610 Ключевые слова 0_
a Ключевые слова история спорта
610 Ключевые слова 0_
a Ключевые слова мужество в спорте
610 Ключевые слова 0_
a Ключевые слова история семьи
610 Ключевые слова 0_
a Ключевые слова судьбы людей
610 Ключевые слова 0_
a Ключевые слова повседневная жизнь
686 Индексы других классификаций __
2 Код системы rubbk
a Классификационный индекс 75.719.5
700 Автор _1
a Фамилия Нордвик
b Имя (инициалы) В.
801 Источник записи _0
a Страна RU
b Организация МБУК ЦБС г. Ульяновска
c Дата составления 20250507
g Правила каталогизации RCR
801 Источник записи _1
a Страна RU
b Организация МБУК ЦБС г. Ульяновска
c Дата составления 20250507
g Правила каталогизации RCR
901 Тип документа __
t Тип документа b
w Контрольный № источника RU/CBS_UL/BASE/7053cac77d2a4ac4ba59b1245707d6fd
909 Создатель записи __
a Создатель записи lib1